| 000 | 02357cam a2200385 i 4500 | ||
|---|---|---|---|
| 001 | 200468112 | ||
| 003 | TR-AnTOB | ||
| 005 | 20260414150320.0 | ||
| 007 | ta | ||
| 008 | 260414t19711971ctu 000 j eng | ||
| 010 | _a 73150369 | ||
| 020 |
_a0330233475 _q(paperback) |
||
| 035 | _a1726556 | ||
| 035 | _a(TR-AnTOB)200468112 | ||
| 040 |
_aDLC _beng _erda _cDLC _dDLC _dTR-AnTOB |
||
| 041 | 0 | _aeng | |
| 050 | 0 | 4 |
_aPN6014 _b.N35 1971 |
| 090 |
_aPN6014 _b.N35 1971 |
||
| 245 | 0 | 4 |
_aThe naked i : _bfictions for the seventies / _cEdited by Frederick R. Karl and Leo Hamalian. |
| 264 | 1 |
_aGreenwich, Conn. : _bFawcett Publications, _c1971. |
|
| 264 | 4 | _c©1971 | |
| 300 |
_a308 pages ; _c20 cm |
||
| 336 |
_atext _btxt _2rdacontent |
||
| 337 |
_aunmediated _bn _2rdamedia |
||
| 338 |
_avolume _bnc _2rdacarrier |
||
| 500 | _a"Picador" | ||
| 505 | 0 | _aIntroduction / by Frederick R. Karl and Leo Hamalian -- Discontinuity with design. A country doctor / by Franz Kafka -- An earlier generation. The lottery in Babylon / by Jorge Luis Borges -- Blow-up / by Julio Cortázar -- from Invisible man / by Ralph Ellison -- A world ends / by Wolfgang Hildesheimer -- "That in Aleppo once ..." / by Vladimir Nabokov -- One warm Saturday / by Dylan Thomas -- The man who went to Chicago / by Richard Wright -- Our contemporaries. Ambrose his mark / by John Barth -- Me and Miss Mandible / by Donald Barthelme -- from "A long letter from F." / by Leonard Cohen -- The babysitter / by Robert Coover -- Ana María / by José Donoso -- Aura / by Carlos Fuentes -- Blood letting / by John Bart Gerald -- Love and the buffalo / by James Leo Herlihy -- Snow / by Ted Hughes -- Answers in progress / by LeRoi Jones -- from Steps / by Jerzy Kosinski -- Mildred / by Leonard Michaels -- The empire of things / by H.L. Mountzoures -- Johnny Panic and the bible of dreams / by Sylvia Plath -- Goodnight, sweetheart / by James Purdy -- The spider / by Jan Gerhard Toonder -- Nonfiction. From Love's body / by Norman O. Brown -- Letters from Mexico / by Ken Kesey. | |
| 650 | 0 |
_aShort stories _945955 |
|
| 655 | 7 |
_aShort stories _2lcgft _9153047 |
|
| 700 | 1 |
_aKarl, Frederick R. _q(Frederick Robert), _d1927-2004 _eeditor _4edt _9153659 |
|
| 700 | 1 |
_aHamalian, Leo, _d1920-2003 _eeditor _4edt _9153660 |
|
| 942 |
_2lcc _cBK |
||
| 999 |
_c200468112 _d86324 |
||